[Event "Sicilian Najdorf"]
[Site "SchemingMind.com"]
[Date "2009.06.03"]
[Round "-"]
[White "kiraly"]
[Black "_keyes"]
[Result "1-0"]
[WhiteCountry "INT"]
[BlackCountry "ENG"]
[WhiteElo "2326"]
[WhiteRD "91"]
[BlackElo "2061"]
[BlackRD "71"]
[GameID "207096"]

1. e4 c5 2. Nf3 d6 3. d4 cxd4 4. Nxd4 Nf6 5. Nc3 a6 6. Be3 e5 7. Nb3 Be6 8. Qd2 Be7 9. f3 O-O 10. O-O-O Nbd7
11. g4 Qc7 12. Kb1 b5 13. g5 Nh5 14. Nd5 Bxd5 15. exd5 Nb6 16. Na5 Nxd5 17. Qxd5 Qxa5 18. Bd3 Qc7 19. g6 Nf6 20. gxf7+ Kh8
21. Qe6 Bd8 22. Bf5 Rxf7 23. Qxd6 Qxd6 24. Rxd6 Ne8 25. Re6 Bc7 26. Be4 Rd8 27. Rxa6 Nd6 28. Bg5 Rc8 29. Bd5 Rff8 30. Be7 Rfe8
31. Bxd6
1-0

[Event "Sicilian Najdorf"]
[Site "SchemingMind.com"]
[Date "2009.06.08"]
[Round "-"]
[White "goodknight"]
[Black "_keyes"]
[Result "1-0"]
[WhiteCountry "POL"]
[BlackCountry "ENG"]
[WhiteElo "2236"]
[WhiteRD "70"]
[BlackElo "2012"]
[BlackRD "73"]
[GameID "207097"]

1. e4 c5 2. Nf3 d6 3. d4 cxd4 4. Nxd4 Nf6 5. Nc3 a6 6. Be3 e5 7. Nb3 Be7 8. f3 Be6 9. Qd2 Nbd7 10. O-O-O Rc8
11. g4 O-O 12. Kb1 b5 13. g5 Nh5 14. Nd5 Bxd5 15. exd5 Nb6 16. Na5 Nxd5 17. Nb7 Qc7 18. Qxd5 Qxc2+ 19. Ka1 Nf4 20. Bxf4 exf4
21. Bd3 Qc7 22. Be4 g6 23. h4 Qc4 24. Qxc4 Rxc4 25. Nxd6 Rc7 26. Bb1 Bxd6 27. Rxd6 Rfc8 28. Rxa6 Rc1 29. Rxc1 Rxc1 30. Rf6
1-0

[Event "Sicilian Najdorf"]
[Site "SchemingMind.com"]
[Date "2009.06.04"]
[Round "-"]
[White "BogusAurelius"]
[Black "_keyes"]
[Result "1-0"]
[WhiteCountry "USA"]
[BlackCountry "ENG"]
[WhiteElo "2378"]
[WhiteRD "82"]
[BlackElo "2022"]
[BlackRD "72"]
[GameID "207104"]

1. e4 c5 2. Nf3 d6 3. d4 cxd4 4. Nxd4 Nf6 5. Nc3 a6 6. Bg5 e6 7. f4 Be7 8. Qf3 Qc7 9. O-O-O Nbd7 10. g4 b5
11. Bxf6 Nxf6 12. g5 Nd7 13. f5 Bxg5+ 14. Kb1 Ne5 15. Qh5 Qe7 16. Nxe6 Bxe6 17. fxe6 g6 18. exf7+ Kxf7 19. Qe2 Kg7 20. Nd5 Qd8
21. Bh3 Re8 22. b3 Ra7 23. Rhf1 Rf7 24. Rxf7+ Kxf7 25. Qf2+ Kg7 26. Qa7+ Kh8 27. Qxa6 Nf3 28. Qxb5 Nd2+ 29. Kb2 Nxe4 30. Bg2 Bf6+
31. c3 Bg7 32. Re1 Bxc3+ 33. Nxc3
1-0

[Event "Sicilian Najdorf"]
[Site "SchemingMind.com"]
[Date "2009.06.08"]
[Round "-"]
[White "BogusAurelius"]
[Black "griffimv"]
[Result "1-0"]
[WhiteCountry "USA"]
[BlackCountry "INT"]
[WhiteElo "2394"]
[WhiteRD "79"]
[BlackElo "2400"]
[BlackRD "83"]
[GameID "207105"]

1. e4 c5 2. Nf3 d6 3. d4 cxd4 4. Nxd4 Nf6 5. Nc3 a6 6. Be3 e5 7. Nb3 Be6 8. f3 Be7 9. Qd2 O-O 10. O-O-O Nbd7
11. g4 Qc7 12. Kb1 Rfc8 13. h4 b5 14. Bh3 b4 15. Nd5 Bxd5 16. exd5 a5 17. g5 Nh5 18. Nc1 Qb7 19. Bg4 g6 20. Bxh5 gxh5
21. f4 a4 22. Rhf1 Bf8 23. Qd3 a3 24. b3 Rc3 25. Qe2 Rac8 26. Rd2 exf4 27. Bd4 Rh3 28. Nd3 f3 29. Qf2 Qb5 30. Re1 Ne5
31. Nf4 Ng4 32. Qg1 f2 33. Rxf2 Rxh4 34. Nxh5 Qd7 35. Qxg4 Rxg4 36. Nf6+ Kg7 37. Nxg4+ Kg6 38. Rf6+ Kh5 39. Nf2 Re8 40. Rh1+ Kxg5
41. Rg1+ Kh5 42. Nd3 Re4 43. Nf4+ Rxf4 44. Rxf4 Bh6 45. Rh1+ Kg5 46. Be3 Kg6 47. Rxh6+ Kg7 48. Rxb4 Qe8 49. Bc1 Qe5 50. Rg4+ Kf8
51. Bxa3 Qe1+ 52. Bc1 Qe2 53. Ra4 Qd1 54. Rxd6
1-0

[Event "Sicilian Najdorf"]
[Site "SchemingMind.com"]
[Date "2009.06.03"]
[Round "-"]
[White "BogusAurelius"]
[Black "joopsim"]
[Result "1/2-1/2"]
[WhiteCountry "USA"]
[BlackCountry "NED"]
[WhiteElo "2359"]
[WhiteRD "90"]
[BlackElo "2399"]
[BlackRD "85"]
[GameID "207106"]

1. e4 c5 2. Nf3 d6 3. d4 cxd4 4. Nxd4 Nf6 5. Nc3 a6 6. Be3 e6 7. Be2 Be7 8. a4 Nc6 9. Qd2 O-O 10. Nb3 b6
11. f4 Qc7 12. O-O Bb7 13. Bf3 Nd7 14. Qe2 Bf6 15. Rad1 Rad8 16. Nb1 Rfe8 17. c3 e5 18. f5 d5 19. Bf2 Ne7 20. Rfe1 Nc5
21. Nxc5 bxc5 22. exd5 Nxd5 23. Qe4 Bc6 24. Na3 Nb4 25. Qb1 Bxf3 26. gxf3 Nd5 27. Qe4 Nf4 28. Nc4 Nh3+ 29. Kg2 Nxf2 30. Kxf2 Bg5
31. Kg2 Bf4 32. h4 Qb8 33. Kh3 h6 34. a5 Kh8 35. Rd5 Rxd5 36. Qxd5 Kg8 37. Rd1 Qb3 38. Qd3 h5 39. Kg2 Rb8 40. Qe2=
1/2-1/2

[Event "Sicilian Najdorf"]
[Site "SchemingMind.com"]
[Date "2009.06.08"]
[Round "-"]
[White "BogusAurelius"]
[Black "badbishop"]
[Result "1/2-1/2"]
[WhiteCountry "USA"]
[BlackCountry "POL"]
[WhiteElo "2390"]
[WhiteRD "80"]
[BlackElo "2224"]
[BlackRD "72"]
[GameID "207107"]

1. e4 c5 2. Nf3 d6 3. d4 cxd4 4. Nxd4 Nf6 5. Nc3 a6 6. Bg5 e6 7. f4 Nc6 8. e5 h6 9. Nxc6 bxc6 10. Bh4 g5
11. exf6 gxh4 12. Qd4 c5 13. Qa4+ Bd7 14. Qe4 Rb8 15. O-O-O Qxf6 16. Bxa6 Be7 17. g3 Rg8 18. Qf3 d5 19. a4 Rb4 20. b3 h5
21. Be2 c4 22. bxc4 Rb8 23. Nb5 Qa1+ 24. Kd2 Qxa4 25. Nc3 Bb4 26. Ra1 Qc6 27. Rhb1 Ke7 28. Rxb4 Rxb4 29. Qxh5 hxg3 30. Qh4+ Ke8
31. Qh7 Rf8 32. cxd5 exd5 33. hxg3 d4 34. Ne4 Kd8=
1/2-1/2

[Event "Sicilian Najdorf"]
[Site "SchemingMind.com"]
[Date "2009.06.04"]
[Round "-"]
[White "BogusAurelius"]
[Black "kiraly"]
[Result "1/2-1/2"]
[WhiteCountry "USA"]
[BlackCountry "INT"]
[WhiteElo "2378"]
[WhiteRD "82"]
[BlackElo "2342"]
[BlackRD "88"]
[GameID "207108"]

1. e4 c5 2. Nf3 d6 3. d4 cxd4 4. Nxd4 Nf6 5. Nc3 a6 6. Be3 e5 7. Nb3 Be7 8. f3 O-O 9. Qd2 Be6 10. O-O-O Nbd7
11. g4 b5 12. g5 Nh5 13. Nd5 Bxd5 14. exd5 f5 15. Rg1 f4 16. Bf2 Bxg5 17. Bh3 Be7 18. Na5 Qc7 19. Nc6 Rae8 20. a4 Nhf6
21. axb5 axb5 22. Qb4 Kh8 23. Qxb5 e4 24. Be1 Rb8 25. Ba5 Rxb5 26. Bxc7 Rb7 27. Ba5 Re8 28. Bc3 e3 29. b4 Nf8 30. Bf1 Ng6
31. Ba6 Rb6 32. Be2 Nxd5 33. Rxd5 Rxc6 34. Bb5 Rxc3 35. Bxe8 Ne5 36. Bb5 g5 37. Rf1 Kg7 38. Kb2 Rc8 39. Be2 Kf7 40. Kb3 Ke6
41. c4 Rb8 42. Re1 Nc6 43. b5 Bf6 44. Red1 Be5=
1/2-1/2

[Event "Sicilian Najdorf"]
[Site "SchemingMind.com"]
[Date "2009.06.08"]
[Round "-"]
[White "BogusAurelius"]
[Black "goodknight"]
[Result "1-0"]
[WhiteCountry "USA"]
[BlackCountry "POL"]
[WhiteElo "2378"]
[WhiteRD "82"]
[BlackElo "2245"]
[BlackRD "84"]
[GameID "207109"]

1. e4 c5 2. Nf3 d6 3. d4 cxd4 4. Nxd4 Nf6 5. Nc3 a6 6. Bg5 e6 7. f4 Be7 8. Qf3 Qc7 9. O-O-O Nbd7 10. g4 b5
11. Bxf6 Nxf6 12. g5 Nd7 13. f5 Bxg5+ 14. Kb1 Ne5 15. Qh5 Qe7 16. Nxe6 g6 17. Qxg5 fxe6 18. Qd2 O-O 19. fxg6 hxg6 20. h4 Bb7
21. a3 Rac8 22. Be2 Rf2 23. Qe3 Rcf8 24. h5 g5 25. Rhg1 R2f4 26. Qb6 Nf7 27. Bg4 Rf6 28. Rg3 Rc8 29. Qe3 Rc5 30. Be2 Re5
31. Rgg1 Kf8 32. Rgf1 Kg8 33. Rxf6 Qxf6 34. Rg1 Qe7 35. Bd3 g4 36. Rxg4+
1-0

[Event "Sicilian Najdorf"]
[Site "SchemingMind.com"]
[Date "2009.06.04"]
[Round "-"]
[White "_keyes"]
[Black "BogusAurelius"]
[Result "0-1"]
[WhiteCountry "ENG"]
[BlackCountry "USA"]
[WhiteElo "2022"]
[WhiteRD "72"]
[BlackElo "2378"]
[BlackRD "82"]
[GameID "207110"]

1. e4 c5 2. Nf3 d6 3. d4 cxd4 4. Nxd4 Nf6 5. Nc3 a6 6. Bg5 e6 7. f4 Nbd7 8. Qf3 Qc7 9. O-O-O b5 10. a3 Bb7
11. g4 Be7 12. Bxf6 Bxf6 13. Ndxb5 axb5 14. Nxb5 Qb6 15. Nxd6+ Kf8 16. Nc4 Qc7 17. h4 Nc5 18. Bd3 Ra4 19. b3 Rxa3 20. g5 Qa5
21. Nxa5 Bc3
0-1

[Event "Sicilian Najdorf"]
[Site "SchemingMind.com"]
[Date "2009.06.08"]
[Round "-"]
[White "griffimv"]
[Black "BogusAurelius"]
[Result "1/2-1/2"]
[WhiteCountry "INT"]
[BlackCountry "USA"]
[WhiteElo "2382"]
[WhiteRD "78"]
[BlackElo "2390"]
[BlackRD "80"]
[GameID "207111"]

1. e4 c5 2. Nf3 d6 3. d4 cxd4 4. Nxd4 Nf6 5. Nc3 a6 6. Be3 e5 7. Nb3 Be6 8. f3 Be7 9. Qd2 O-O 10. O-O-O Nbd7
11. g4 b5 12. g5 b4 13. Ne2 Ne8 14. f4 a5 15. f5 Bxb3 16. cxb3 a4 17. bxa4 Rxa4 18. b3 Ra3 19. Kb1 Qa8 20. Ng3 Nc5
21. f6 Bxf6 22. gxf6 Nxb3 23. Qg2 Nxf6 24. Rxd6 Ng4 25. Nf5 Rxa2 26. Qxa2 Qxe4+ 27. Rd3 Qxh1 28. Ng3 Qxh2 29. Qxh2 Nxh2 30. Rxb3 Nxf1
31. Nxf1 Rb8 32. Bc5 f6 33. Kb2 Kf7 34. Ng3 Kg6 35. Ne4 Kf5 36. Ba7 Ra8 37. Nd6+ Ke6 38. Nb5 Rh8 39. Nc7+ Kd6 40. Na6 h5
41. Nxb4 h4 42. Bg1 g5 43. Ra3 h3 44. Bh2 g4 45. Kc1 Ke6= 46. Kd2 Rb8 47. Nd3 Kf5 48. Ke3 Rc8 49. Bg3 Rc2 50. Nf2 Rb2
51. Ra1 Rb3+ 52. Nd3 Rc3 53. Rc1 Ra3 54. Rb1 Kg5 55. Rb8 Ra2 56. Rb2 Ra3 57. Rc2 Kf5 58. Rf2+ Kg5 59. Rd2 Ra1 60. Nf2 Kf5
61. Re2 Ra4 62. Re1=
1/2-1/2

[Event "Sicilian Najdorf"]
[Site "SchemingMind.com"]
[Date "2009.06.04"]
[Round "-"]
[White "joopsim"]
[Black "BogusAurelius"]
[Result "0-1"]
[WhiteCountry "NED"]
[BlackCountry "USA"]
[WhiteElo "2399"]
[WhiteRD "85"]
[BlackElo "2359"]
[BlackRD "90"]
[GameID "207112"]

1. e4 c5 2. Nf3 d6 3. d4 cxd4 4. Nxd4 Nf6 5. Nc3 a6 6. Rg1 g6 7. g4 Bg7 8. Be3 h5 9. h3 hxg4 10. hxg4 Nc6
11. f3 Rh2 12. Rg2 Rh3 13. g5 Ng4 14. Rxg4 Bxg4 15. Bxh3 Bxh3 16. Nd5 Ne5 17. Qe2 Rc8 18. O-O-O Nc4 19. c3 Qa5 20. Kb1 Be6
21. Nb3 Qb5 22. Qf2 a5 23. f4 a4 24. Nd4 Bxd4 25. Bxd4 Bxd5 26. exd5 Qxd5 27. Qc2 b5 28. Ka1 a3 29. b3 Nb2 30. Rd2 b4
31. c4 Nxc4 32. bxc4 Rxc4 33. Qd1 Qc6 34. Kb1 Qe4+ 35. Ka1 Kf8
0-1

[Event "Sicilian Najdorf"]
[Site "SchemingMind.com"]
[Date "2009.06.08"]
[Round "-"]
[White "badbishop"]
[Black "BogusAurelius"]
[Result "0-1"]
[WhiteCountry "POL"]
[BlackCountry "USA"]
[WhiteElo "2248"]
[WhiteRD "76"]
[BlackElo "2394"]
[BlackRD "79"]
[GameID "207113"]

1. e4 c5 2. Nf3 d6 3. d4 cxd4 4. Nxd4 Nf6 5. Nc3 a6 6. f4 e5 7. Nf3 Nbd7 8. a4 Be7 9. Bc4 O-O 10. O-O Qc7
11. Qe2 exf4 12. Bxf4 Ne5 13. Nd5 Nxd5 14. Bxd5 Be6
0-1

[Event "Sicilian Najdorf"]
[Site "SchemingMind.com"]
[Date "2009.06.04"]
[Round "-"]
[White "kiraly"]
[Black "BogusAurelius"]
[Result "1/2-1/2"]
[WhiteCountry "INT"]
[BlackCountry "USA"]
[WhiteElo "2326"]
[WhiteRD "91"]
[BlackElo "2359"]
[BlackRD "90"]
[GameID "207114"]

1. e4 c5 2. Nf3 d6 3. d4 cxd4 4. Nxd4 Nf6 5. Nc3 a6 6. Be3 e5 7. Nb3 Be6 8. Be2 Be7 9. O-O O-O 10. f4 exf4
11. Rxf4 Nc6 12. Nd4 Nxd4 13. Qxd4 Rc8 14. Rd1 Nd7 15. Rf2 Re8 16. Qb4 Qc7 17. Bf4 Ne5 18. Nd5 Bxd5 19. Rxd5 Rcd8 20. c3 Bh4
21. g3 Bf6 22. Kg2 Nc6 23. Qa4 Ne5 24. h3 Re6 25. Rf1 Qe7 26. Rfd1 Ng6 27. Bf3 Ne5=
1/2-1/2

[Event "Sicilian Najdorf"]
[Site "SchemingMind.com"]
[Date "2009.06.08"]
[Round "-"]
[White "goodknight"]
[Black "BogusAurelius"]
[Result "1/2-1/2"]
[WhiteCountry "POL"]
[BlackCountry "USA"]
[WhiteElo "2245"]
[WhiteRD "84"]
[BlackElo "2378"]
[BlackRD "82"]
[GameID "207115"]

1. e4 c5 2. Nf3 d6 3. d4 cxd4 4. Nxd4 Nf6 5. Nc3 a6 6. Be3 e5 7. Nb3 Be7 8. f3 Be6 9. Qd2 O-O 10. O-O-O Nbd7
11. g4 b5 12. g5 b4 13. Ne2 Ne8 14. f4 a5 15. f5 Bxb3 16. cxb3 a4 17. bxa4 Rxa4 18. b3 Ra3 19. Kb1 Qa8 20. Ng3 Nc5
21. f6 Bxf6 22. gxf6 Nxb3 23. Qg2 Nxf6 24. Rxd6 Ng4 25. Nf5 Rxa2 26. Qxa2 Qxe4+ 27. Rd3 Qxh1 28. Ng3 Qxh2 29. Qxh2 Nxh2 30. Rxb3 Nxf1
31. Nxf1 Rb8 32. Ng3 f6 33. Bc5 Kf7 34. Kb2 Kg6 35. Bd6 Rh8 36. Bxb4 h5 37. Nf1 h4 38. Bd2 Kh5 39. Rf3 Rd8 40. Kc2 Rd6
41. Kd1 g5 42. Rc3 Rd4 43. Rc8 Kg6 44. Ke2 g4 45. Ne3 h3 46. Rh8 Re4 47. Bc3 Rf4 48. Nd5 Rc4 49. Bd2 Kg7 50. Rh4 f5
51. Rh5 Re4+ 52. Kd1 Ra4 53. Rxf5 h2 54. Rh5 g3 55. Ne3 Ra1+ 56. Bc1 Kf7 57. Kc2 Kg6 58. Rh3 Kf7=
1/2-1/2

[Event "Sicilian Najdorf"]
[Site "SchemingMind.com"]
[Date "2009.06.04"]
[Round "-"]
[White "maaac"]
[Black "_keyes"]
[Result "1-0"]
[WhiteCountry "AUS"]
[BlackCountry "ENG"]
[WhiteElo "1996"]
[WhiteRD "72"]
[BlackElo "1989"]
[BlackRD "70"]
[GameID "207154"]

1. e4 c5 2. Nf3 d6 3. d4 cxd4 4. Nxd4 Nf6 5. Nc3 a6 6. Bg5 e6 7. f4 Be7 8. Qf3 Qc7 9. Bxf6 Bxf6 10. O-O-O Nd7
11. g4 Be7 12. Bd3 b5 13. f5 Ne5 14. Qh3 b4 15. Nce2 Nxd3+ 16. Qxd3 e5 17. Nf3 a5 18. g5 Ba6 19. Qd2 Rc8 20. Ng3 O-O
21. f6 Bd8 22. fxg7 Kxg7 23. Nf5+ Kh8 24. Nxd6 Be7 25. Nxc8 Rxc8 26. Kb1 Bb7 27. Rhe1 a4 28. h4 a3 29. Nh2 axb2 30. Ng4 Bf8
31. Nf6 Bc5 32. Qd7 Qxd7 33. Rxd7 b3 34. Rxb7 bxc2+ 35. Kxb2 Bd4+ 36. Kc1 Kg7 37. Re2 h6 38. Rxc2 Be3+ 39. Kb2 Rf8 40. Nd5 Bd4+
41. Kb3 hxg5 42. hxg5 Kg6 43. Rcc7 Bf2 44. a4 Bh4 45. Ne7+ Kh7 46. Nf5 Bxg5 47. Rxf7+ Rxf7 48. Rxf7+ Kg6 49. Nd6 Be3 50. Rf5
1-0

[Event "Sicilian Najdorf"]
[Site "SchemingMind.com"]
[Date "2009.06.08"]
[Round "-"]
[White "maaac"]
[Black "griffimv"]
[Result "0-1"]
[WhiteCountry "AUS"]
[BlackCountry "INT"]
[WhiteElo "1972"]
[WhiteRD "74"]
[BlackElo "2392"]
[BlackRD "88"]
[GameID "207155"]

1. e4 c5 2. Nf3 d6 3. d4 cxd4 4. Nxd4 Nf6 5. Nc3 a6 6. Bg5 e6 7. f4 Qb6 8. Bxf6 gxf6 9. Be2 Qxb2 10. Na4 Qa3
11. c3 Nd7 12. O-O b5 13. Bh5 Bb7 14. Qg4 O-O-O 15. Bxf7 Qxa4 16. Nxe6 Bxe4 17. Nxd8 Kxd8 18. Rfe1 f5 19. Qh4+ Be7 20. Qf2 d5
21. Kh1 Bc5 22. Qh4+ Kc7 23. Red1 Qc2 24. Qh3 Nf6 25. a4 Ng4
0-1

[Event "Sicilian Najdorf"]
[Site "SchemingMind.com"]
[Date "2009.06.04"]
[Round "-"]
[White "maaac"]
[Black "joopsim"]
[Result "0-1"]
[WhiteCountry "AUS"]
[BlackCountry "NED"]
[WhiteElo "1972"]
[WhiteRD "74"]
[BlackElo "2352"]
[BlackRD "78"]
[GameID "207156"]

1. e4 c5 2. Nf3 d6 3. d4 cxd4 4. Nxd4 Nf6 5. Nc3 a6 6. Bg5 e6 7. f4 Be7 8. Qf3 Nbd7 9. Bc4 h6 10. Bh4 g5
11. fxg5 Ne5 12. Qe2 Nfg4 13. Bb3 Bxg5 14. Bxg5 Qxg5 15. O-O Rg8 16. Rae1 Ne3 17. Rf2 N5g4 18. Rf3 Qe5
0-1

[Event "Sicilian Najdorf"]
[Site "SchemingMind.com"]
[Date "2009.06.04"]
[Round "-"]
[White "maaac"]
[Black "BogusAurelius"]
[Result "0-1"]
[WhiteCountry "AUS"]
[BlackCountry "USA"]
[WhiteElo "1972"]
[WhiteRD "74"]
[BlackElo "2378"]
[BlackRD "82"]
[GameID "207157"]

1. e4 c5 2. Nf3 d6 3. d4 cxd4 4. Nxd4 Nf6 5. Nc3 a6 6. Bg5 e6 7. f4 Qb6 8. Bxf6 gxf6 9. Be2 Qxb2 10. Na4 Qa3
11. c3 Nd7 12. O-O b5 13. Bh5 Bb7 14. Qg4 O-O-O 15. Bxf7 Qxa4 16. Nxe6 Bxe4 17. Nxd8 Kxd8 18. Rfe1 f5 19. Qh4+ Be7 20. Qf2 Qc2
21. Qxc2 Bxc2 22. Bb3 Be4 23. c4 b4 24. a3 Nc5 25. Re3 Bf6 26. Ra2 Bd4
0-1

[Event "Sicilian Najdorf"]
[Site "SchemingMind.com"]
[Date "2009.06.08"]
[Round "-"]
[White "maaac"]
[Black "badbishop"]
[Result "1/2-1/2"]
[WhiteCountry "AUS"]
[BlackCountry "POL"]
[WhiteElo "1980"]
[WhiteRD "68"]
[BlackElo "2224"]
[BlackRD "72"]
[GameID "207158"]

1. e4 c5 2. Nf3 d6 3. d4 cxd4 4. Nxd4 Nf6 5. Nc3 a6 6. Bg5 e6 7. f4 Nc6 8. e5 h6 9. Bh4 g5 10. fxg5 Nd5
11. Nxd5 exd5 12. exd6 Bxd6 13. Nxc6 bxc6 14. Qd4 Qe7+ 15. Be2 Be5 16. Qa4 Rb8 17. g6 Qb4+ 18. Qxb4 Rxb4 19. gxf7+ Kxf7 20. O-O+ Kg7
21. Bf2 Rf8 22. Bd3 Bxb2 23. Rae1 Rbf4 24. Re7+ R8f7 25. Rxf7+ Rxf7 26. Bc5 Rxf1+ 27. Kxf1 Kf6 28. Kf2 a5 29. Bb6 a4 30. Ke3 Ke5
31. Bc7+ Kf6 32. Bd8+=
1/2-1/2

[Event "Sicilian Najdorf"]
[Site "SchemingMind.com"]
[Date "2009.06.04"]
[Round "-"]
[White "maaac"]
[Black "kiraly"]
[Result "0-1"]
[WhiteCountry "AUS"]
[BlackCountry "INT"]
[WhiteElo "1972"]
[WhiteRD "74"]
[BlackElo "2342"]
[BlackRD "88"]
[GameID "207159"]

1. e4 c5 2. Nf3 d6 3. d4 cxd4 4. Nxd4 Nf6 5. Nc3 a6 6. Bg5 Nc6 7. Bxf6 gxf6 8. Be2 Rg8 9. O-O Bh3 10. Bf3 Ne5
11. g3 Bxf1 12. Kxf1 e6 13. Bh5 Qc8 14. Qe2 Nc6 15. Nf5 exf5 16. exf5+ Ne5 17. Nd5 Qc6 18. Nxf6+ Kd8 19. Ne4 Rg5 20. g4 Kc7
21. f3 Rxh5 22. gxh5 d5 23. Nc3 f6 24. Rd1 Rd8 25. Nb1 d4 26. Qe4 Nxf3
0-1

[Event "Sicilian Najdorf"]
[Site "SchemingMind.com"]
[Date "2009.06.08"]
[Round "-"]
[White "maaac"]
[Black "goodknight"]
[Result "0-1"]
[WhiteCountry "AUS"]
[BlackCountry "POL"]
[WhiteElo "1972"]
[WhiteRD "74"]
[BlackElo "2245"]
[BlackRD "84"]
[GameID "207160"]

1. e4 c5 2. Nf3 d6 3. d4 cxd4 4. Nxd4 Nf6 5. Nc3 a6 6. Bg5 e6 7. f4 Be7 8. Qf3 Qc7 9. O-O-O Nbd7 10. g4 b5
11. Bxf6 Nxf6 12. g5 Nd7 13. f5 Bxg5+ 14. Kb1 Ne5 15. Qh5 Qe7 16. fxe6 g6 17. exf7+ Kxf7 18. Qe2 Bg4 19. Qf2+ Qf6 20. Qxf6+ Bxf6
21. Be2 Bxe2 22. Ndxe2 Nc4 23. Nd5 Bxb2 24. Rhf1+ Kg7 25. Nef4 Rae8 26. Nc7 Rxe4 27. Nfe6+ Kh6 28. Rd3 g5 29. Rf6+ Bxf6
0-1

[Event "Sicilian Najdorf"]
[Site "SchemingMind.com"]
[Date "2009.06.04"]
[Round "-"]
[White "_keyes"]
[Black "maaac"]
[Result "0-1"]
[WhiteCountry "ENG"]
[BlackCountry "AUS"]
[WhiteElo "1929"]
[WhiteRD "70"]
[BlackElo "1980"]
[BlackRD "68"]
[GameID "207161"]

1. e4 c5 2. Nf3 d6 3. d4 cxd4 4. Nxd4 Nf6 5. Nc3 a6 6. Bg5 e6 7. f4 Be7 8. Qf3 Nbd7 9. O-O-O Qc7 10. g4 b5
11. Bxf6 Nxf6 12. g5 Nd7 13. a3 Bb7 14. Bh3 O-O 15. Bxe6 fxe6 16. Nxe6 Qc4 17. Nxf8 Rxf8 18. h4 a5 19. Qg4 Nc5 20. Rhe1 b4
21. axb4 axb4 22. Nd5 Bxd5 23. Rxd5 b3 24. Rd2 Ra8 25. Rg2 Ra1+ 26. Kd2 Qxc2+
0-1

[Event "Sicilian Najdorf"]
[Site "SchemingMind.com"]
[Date "2009.06.08"]
[Round "-"]
[White "griffimv"]
[Black "maaac"]
[Result "1-0"]
[WhiteCountry "INT"]
[BlackCountry "AUS"]
[WhiteElo "2392"]
[WhiteRD "88"]
[BlackElo "1972"]
[BlackRD "74"]
[GameID "207162"]

1. e4 c5 2. Nf3 d6 3. d4 cxd4 4. Nxd4 Nf6 5. Nc3 a6 6. Be3 e5 7. Nb3 Be7 8. f3 O-O 9. Qd2 Be6 10. O-O-O b5
11. g4 Nbd7 12. g5 Nh5 13. Nd5 Bxd5 14. exd5 a5 15. Bxb5 a4 16. Na5 Rxa5 17. Bxd7 a3 18. b4 Ra8 19. Bc6 Rb8 20. Rhg1 f5
21. b5 Nf4 22. Bxf4 exf4 23. Qxf4 Qa5 24. Rd3 Rxb5 25. Bxb5 Qxb5 26. Qd4 Re8 27. Rxa3 g6 28. Re3
1-0

[Event "Sicilian Najdorf"]
[Site "SchemingMind.com"]
[Date "2009.06.04"]
[Round "-"]
[White "joopsim"]
[Black "maaac"]
[Result "1-0"]
[WhiteCountry "NED"]
[BlackCountry "AUS"]
[WhiteElo "2352"]
[WhiteRD "78"]
[BlackElo "1972"]
[BlackRD "74"]
[GameID "207163"]

1. e4 c5 2. Nf3 d6 3. d4 cxd4 4. Nxd4 Nf6 5. Nc3 a6 6. Rg1 e5 7. Nb3 Be7 8. g4 Be6 9. g5 Nfd7 10. Be3 O-O
11. Nd5 Nc5 12. Nxc5 dxc5 13. c3 Nc6 14. Qf3 Qa5 15. Bc4 Bxd5 16. Bxd5 Nd4 17. Qd1 Nc6 18. g6 hxg6 19. Rxg6 Bf6 20. Bh6 Ne7
21. Rxg7+
1-0

[Event "Sicilian Najdorf"]
[Site "SchemingMind.com"]
[Date "2009.06.04"]
[Round "-"]
[White "BogusAurelius"]
[Black "maaac"]
[Result "1-0"]
[WhiteCountry "USA"]
[BlackCountry "AUS"]
[WhiteElo "2378"]
[WhiteRD "82"]
[BlackElo "1972"]
[BlackRD "74"]
[GameID "207164"]

1. e4 c5 2. Nf3 d6 3. d4 cxd4 4. Nxd4 Nf6 5. Nc3 a6 6. Be3 e5 7. Nb3 Be7 8. f3 O-O 9. Qd2 Be6 10. O-O-O Nbd7
11. g4 Nb6 12. h4 Rc8 13. Kb1 Nc4 14. Bxc4 Bxc4 15. h5 b5 16. g5 Nd7 17. Nd5 Bxd5 18. exd5 Nb6 19. Bxb6 Qxb6 20. Na5 f6
21. g6 f5 22. h6 hxg6 23. hxg7 Kxg7 24. Qh6+ Kf6 25. Rdg1 Rg8 26. Qg5+
1-0

[Event "Sicilian Najdorf"]
[Site "SchemingMind.com"]
[Date "2009.06.08"]
[Round "-"]
[White "badbishop"]
[Black "maaac"]
[Result "1-0"]
[WhiteCountry "POL"]
[BlackCountry "AUS"]
[WhiteElo "2234"]
[WhiteRD "74"]
[BlackElo "1996"]
[BlackRD "72"]
[GameID "207165"]

1. e4 c5 2. Nf3 d6 3. d4 cxd4 4. Nxd4 Nf6 5. Nc3 a6 6. f4 e5 7. Nf3 Nbd7 8. a4 Be7 9. Bc4 O-O 10. O-O Nb6
11. Bd3 Bg4 12. a5 Nbd7 13. h3 Bxf3 14. Qxf3 exf4 15. Bxf4 Ne5 16. Qe2 Rc8 17. Be3 Qd7 18. Bd4 Qc6 19. Rf5 Rfe8 20. Raf1 Bf8
21. Qf2 Rc7 22. Rxf6 gxf6 23. Nd5 Bg7 24. Nxc7 Qxc7 25. Bb6 Qc6 26. Qg3 Kh8 27. Kh2 Nxd3 28. cxd3 d5 29. exd5 Qxd5 30. Qf3 Qxf3
31. Rxf3 h5 32. Kg3 Kh7 33. d4 Re7 34. d5 Rd7 35. Rd3 f5 36. Kf4 Bxb2 37. Kxf5 Bc1 38. d6 Bh6 39. Bc7 Bf8 40. Ke5 Bg7+
41. Kd5 Kg6 42. Kc5
1-0

[Event "Sicilian Najdorf"]
[Site "SchemingMind.com"]
[Date "2009.06.04"]
[Round "-"]
[White "kiraly"]
[Black "maaac"]
[Result "1-0"]
[WhiteCountry "INT"]
[BlackCountry "AUS"]
[WhiteElo "2342"]
[WhiteRD "88"]
[BlackElo "1972"]
[BlackRD "74"]
[GameID "207166"]

1. e4 c5 2. Nf3 d6 3. d4 cxd4 4. Nxd4 Nf6 5. Nc3 a6 6. Be3 e5 7. Nb3 Be7 8. Be2 Be6 9. O-O O-O 10. f4 b5
11. a4 b4 12. Nd5 Bxd5 13. exd5 Nbd7 14. fxe5 Nxe5 15. Rc1 Ne4 16. Qd4 f5 17. Qxb4 Bg5 18. Qd4 Qf6 19. Bxg5 Nxg5 20. Rcd1 f4
21. Nd2 Rae8 22. h4 Ngf7 23. Rxf4 Qg6 24. Ne4 Nh6 25. h5
1-0

[Event "Sicilian Najdorf"]
[Site "SchemingMind.com"]
[Date "2009.06.08"]
[Round "-"]
[White "goodknight"]
[Black "maaac"]
[Result "1-0"]
[WhiteCountry "POL"]
[BlackCountry "AUS"]
[WhiteElo "2236"]
[WhiteRD "70"]
[BlackElo "1936"]
[BlackRD "68"]
[GameID "207167"]

1. e4 c5 2. Nf3 d6 3. d4 cxd4 4. Nxd4 Nf6 5. Nc3 a6 6. Be3 e5 7. Nb3 Be7 8. f3 O-O 9. Qd2 Be6 10. O-O-O b5
11. g4 Nbd7 12. g5 Nh5 13. Nd5 Bxd5 14. exd5 a5 15. Bxb5 a4 16. Na5 Rxa5 17. Bxd7 a3 18. b3 Qc7 19. Bc6 f5 20. f4 Nxf4
21. Bxf4 exf4 22. Qxf4 Rf7 23. h4 g6 24. h5 Bf8 25. Qh4 Qa7 26. hxg6 Qe3+ 27. Kb1 Re7 28. Be8 Bg7 29. Qxh7+ Kf8 30. Bf7
1-0

[Event "Sicilian Najdorf"]
[Site "SchemingMind.com"]
[Date "2009.06.11"]
[Round "-"]
[White "thebirdolux"]
[Black "_keyes"]
[Result "1-0"]
[WhiteCountry "USA"]
[BlackCountry "ENG"]
[WhiteElo "2425"]
[WhiteRD "69"]
[BlackElo "2012"]
[BlackRD "73"]
[GameID "208260"]

1. e4 c5 2. Nf3 d6 3. d4 cxd4 4. Nxd4 Nf6 5. Nc3 a6 6. Be3 e5 7. Nb3 Be6 8. f3 Be7 9. Qd2 Nbd7 10. g4 Rc8
11. O-O-O b5 12. g5 Nh5 13. Nd5 Bxd5 14. exd5 O-O 15. Na5 Nb8 16. Bh3 g6 17. Bxc8 Qxc8 18. Kb1 Qc7 19. c4 bxc4 20. Qb4 Nf4
21. Bxf4 exf4 22. h4 Rc8 23. Rd4 c3 24. Rc4 Qd7 25. Qxc3 Rxc4 26. Qxc4 f6 27. Nc6 Qe8 28. Re1
1-0